|
|
|
|
| LEADER |
00000cam a2200000 a 4500 |
| 001 |
UCF2728 |
| 003 |
CL-VaPUC |
| 008 |
120910e19790000MX |||||||||||||||||spa|d |
| 020 |
|
|
|a 9789682305610
|
| 082 |
0 |
4 |
|a 306
|b LEV
|2 21
|
| 100 |
|
|
|a Lévi-Strauss, Claude
|e author
|9 265689
|
| 245 |
1 |
0 |
|a Antropología estructural: mito, sociedad, humanidades
|
| 250 |
|
|
|a 1a. ed
|
| 300 |
|
|
|a 352 p
|
| 942 |
|
|
|c BK
|
| 945 |
|
|
|d 20120910 00:00:00
|a cmena
|
| 260 |
|
|
|a Ciudad de México
|b Siglo XXI
|c 1979
|
| 650 |
|
0 |
|a Antropología
|9 233030
|
| 650 |
|
0 |
|a Estructuralismo
|9 265696
|
| 650 |
|
0 |
|a Desarrollo económico y social
|9 256320
|
| 650 |
|
0 |
|a Desarrollo cultural
|9 267526
|
| 583 |
|
|
|a last modification
|c 20120910 11:39:00
|k Rodrigo Vera
|
| 999 |
|
|
|c 349268
|d 349266
|
| 952 |
|
|
|0 0
|1 0
|4 0
|6 306_000000000000000_LEV_1979
|7 0
|8 A
|9 451826
|a BIBEDU
|b BIBEDU
|d 2019-11-22
|i 4901045
|o 306 LEV 1979
|p 4901045
|r 2019-11-22
|w 2019-11-22
|y BK
|k PSI
|
| 952 |
|
|
|0 0
|1 0
|3 erb
|4 0
|6 306_000000000000000_LEV_1979
|7 0
|8 A
|9 451827
|a BIBGIM
|b BIBGIM
|d 2019-11-22
|i 5009383
|l 1
|o 306 LEV 1979
|p 5009383
|r 2025-03-21
|s 2025-03-13
|w 2019-11-22
|y BK
|z Catalogado en:20130906
|k SSL
|
| 952 |
|
|
|0 0
|1 0
|3 erb
|4 0
|6 306_000000000000000_LEV_1979
|7 0
|8 A
|9 451828
|a BIBGIM
|b BIBGIM
|d 2019-11-22
|i 5009391
|o 306 LEV 1979
|p 5009391
|r 2025-01-15
|w 2019-11-22
|y BK
|z Catalogado en:20130906
|k SSL
|
| 952 |
|
|
|0 0
|1 0
|3 erb
|4 0
|6 306_000000000000000_LEV_1979
|7 0
|8 A
|9 451829
|a BIBING
|b BIBING
|i 5095700
|o 306 LEV 1979
|p 5095700
|r 2025-01-20
|w 2019-11-22
|y BK
|z Catalogado en:20140829
|k GEO
|